[Event "Bad Woerishofen op"]
[Site "?"]
[Date "2009.03.06"]
[Round "2"]
[White "Schiffer, Steve"]
[Black "Pirrot, Dieter"]
[Result "0-1"]
[WhiteElo "2152"]
[BlackElo "2446"]
[PlyCount "52"]
[EventDate "2009.03.05"]

1. e4 e5 2. Nf3 d6 3. Bc4 Nf6 4. d3 Be7 5. c3 O-O 6. Bg5 Nc6 7. Nbd2 h6 8. Bh4
a6 9. Bb3 Nh5 10. Bxe7 Qxe7 11. O-O Nf4 12. Nc4 Qf6 13. Ne3 Ne7 14. d4 c6 15.
dxe5 dxe5 16. Nc4 Neg6 17. Qd6 Be6 18. Qc7 Rac8 19. Qxb7 Nxg2 20. Ncxe5 Nxe5
21. Nxe5 Nf4 22. Bxe6 Qxe6 23. f3 Qxe5 24. Kh1 Rb8 25. Qxc6 Rxb2 26. Rfb1 Qh5
0-1

[Event "Bad Woerishofen op"]
[Site "?"]
[Date "2009.03.06"]
[Round "2"]
[White "Egger, Herbert"]
[Black "Klaus, Daniel"]
[Result "0-1"]
[WhiteElo "1809"]
[BlackElo "2015"]
[PlyCount "58"]
[EventDate "2009.03.05"]

1. e4 c5 2. Nf3 e6 3. Nc3 a6 4. d3 Qc7 5. Be2 Nc6 6. Be3 Nf6 7. h3 Be7 8. O-O
d5 9. exd5 exd5 10. Bg5 Be6 11. d4 c4 12. Re1 O-O 13. Bf1 b5 14. Ne5 Qb6 15.
Bxf6 Bxf6 16. Nd7 Bxd7 17. Nxd5 Qd8 18. c3 Be6 19. Nf4 Bd5 20. Nh5 g6 21. Ng3
Re8 22. Qg4 Bg7 23. Re2 Rxe2 24. Bxe2 h5 25. Qf4 Kh7 26. Nxh5 Bh6 27. Nf6+ Kg7
28. Nh5+ gxh5 29. Qg3+ Qg5 0-1

[Event "Bad Woerishofen op"]
[Site "?"]
[Date "2009.03.06"]
[Round "2"]
[White "Berchtenbreiter, Max"]
[Black "Bronznik, Valerij"]
[Result "1/2-1/2"]
[WhiteElo "2141"]
[BlackElo "2340"]
[PlyCount "32"]
[EventDate "2009.03.05"]

1. e4 c5 2. Nc3 Nc6 3. Bb5 Nf6 4. Bxc6 dxc6 5. Nge2 e5 6. O-O c4 7. b3 Be6 8.
bxc4 Bxc4 9. Kh1 Be7 10. d3 Be6 11. f4 exf4 12. Nxf4 Bg4 13. Qe1 Nh5 14. Nce2
O-O 15. Nxh5 Bxh5 16. Bb2 Qd7 1/2-1/2

[Event "Bad Woerishofen op"]
[Site "?"]
[Date "2009.03.06"]
[Round "2"]
[White "Willin, Bernhard"]
[Black "Nieland, Klaus"]
[Result "1-0"]
[WhiteElo "2001"]
[BlackElo "1853"]
[PlyCount "77"]
[EventDate "2009.03.05"]

1. d4 b6 2. e4 Bb7 3. Nd2 e6 4. Bd3 c5 5. c3 Nc6 6. Ngf3 d5 7. e5 c4 8. Bc2 Qc7
9. Nf1 g6 10. Bf4 f5 11. h4 h6 12. Ne3 Nge7 13. Qd2 Bg7 14. g4 Qd7 15. gxf5
gxf5 16. Rg1 Bf8 17. h5 Nd8 18. Ng2 Nf7 19. Ngh4 O-O-O 20. Ng6 Rh7 21. O-O-O
Bg7 22. Rg3 Rg8 23. Rdg1 Qe8 24. Qd1 Nh8 25. Nfh4 Nhxg6 26. Nxg6 Nxg6 27. Rxg6
Bc6 28. Kb1 Bd7 29. Bxh6 Qf8 30. Bf4 Be8 31. Rxe6 Bxh5 32. Qe1 Be8 33. Rd6 Qf7
34. e6 Qe7 35. Rxd5 Rgh8 36. Rxf5 Rh5 37. Rxh5 Rxh5 38. Qe4 Rb5 39. Qa8# 1-0

[Event "Bad Woerishofen op"]
[Site "?"]
[Date "2009.03.06"]
[Round "2"]
[White "Schulze, Ulrich"]
[Black "Deues, Erik"]
[Result "1-0"]
[WhiteElo "2315"]
[BlackElo "2096"]
[PlyCount "79"]
[EventDate "2009.03.05"]

1. d4 Nf6 2. Nf3 c5 3. d5 d6 4. Nc3 g6 5. e4 Bg7 6. Bb5+ Nfd7 7. a4 O-O 8. O-O
Na6 9. Bf4 Nc7 10. Re1 Nxb5 11. axb5 Ne5 12. Nxe5 dxe5 13. Be3 Qd6 14. Qd3 Bd7
15. Ra3 b6 16. Rea1 Qc7 17. Qc4 Rfc8 18. Qa2 a5 19. bxa6 b5 20. Ra5 Rcb8 21.
Qb3 c4 22. Qb4 Bf8 23. a7 Rb7 24. Qc5 Qxc5 25. Bxc5 e6 26. d6 Bh6 27. Na2 Bg5
28. Nb4 Bd8 29. Ra6 f5 30. f3 Kf7 31. Kf2 Ke8 32. Ke2 Bg5 33. Bb6 Bd8 34. Be3
Bf6 35. Kd2 Bd8 36. Kc3 Bf6 37. b3 cxb3 38. Kxb3 Bd8 39. c3 Bf6 40. Nd3 1-0

[Event "Bad Woerishofen op"]
[Site "?"]
[Date "2009.03.06"]
[Round "2"]
[White "Stabolewski, Andreas"]
[Black "Bogner, Norbert"]
[Result "1/2-1/2"]
[WhiteElo "2281"]
[BlackElo "2075"]
[PlyCount "27"]
[EventDate "2009.03.05"]

1. Nf3 d5 2. d4 Nf6 3. c4 c6 4. e3 a6 5. Bd3 Bg4 6. Nbd2 e6 7. O-O Be7 8. Qc2
Nbd7 9. b3 Bh5 10. Bb2 Bg6 11. Rfd1 Rc8 12. Ne5 Bxd3 13. Qxd3 O-O 14. Nxd7
1/2-1/2

[Event "Bad Woerishofen op"]
[Site "?"]
[Date "2009.03.06"]
[Round "2"]
[White "Luett, Michael"]
[Black "De Santis, Alessio"]
[Result "0-1"]
[WhiteElo "2097"]
[BlackElo "2278"]
[PlyCount "74"]
[EventDate "2009.03.05"]

1. c4 b6 2. Nc3 Bb7 3. Nf3 e6 4. g3 g6 5. Bg2 Bg7 6. O-O d6 7. d3 Nd7 8. Bg5
Ne7 9. Qc2 h6 10. Bd2 a6 11. b4 Ra7 12. Rab1 Qa8 13. Nd1 Nf5 14. e4 Ne7 15. Bc3
O-O 16. Bxg7 Kxg7 17. Ne3 a5 18. a3 axb4 19. axb4 e5 20. Bh3 Nf6 21. Nd2 Nc6
22. Nf3 Ra2 23. Qc3 Qa4 24. Nd5 Ra3 25. Qd2 Nxe4 26. dxe4 Rxf3 27. Nxc7 Nd4 28.
Nd5 Bxd5 29. cxd5 Ra8 30. Bg2 Ra3 31. f4 Ra2 32. Rb2 Ra1 33. fxe5 Rxf1+ 34.
Kxf1 Qa1+ 35. Kf2 dxe5 36. b5 Nxb5 37. d6 Nxd6 0-1

[Event "Bad Woerishofen op"]
[Site "?"]
[Date "2009.03.06"]
[Round "2"]
[White "Trebbin, Wolfhard Dr"]
[Black "Rogobete, Nikolas"]
[Result "1/2-1/2"]
[WhiteElo "2071"]
[BlackElo "2275"]
[PlyCount "112"]
[EventDate "2009.03.05"]

1. d4 Nf6 2. Nf3 b6 3. g3 Bb7 4. Bg2 c5 5. c3 e6 6. O-O Be7 7. b3 O-O 8. Bb2 d6
9. Nbd2 Nbd7 10. Re1 Ne4 11. Nxe4 Bxe4 12. Nd2 Bxg2 13. Kxg2 cxd4 14. cxd4 d5
15. Rc1 Rc8 16. Rxc8 Qxc8 17. Qb1 Qb7 18. Rc1 Rc8 19. Nf3 f6 20. Rxc8+ Qxc8 21.
Qc1 Qxc1 22. Bxc1 Kf7 23. Bb2 Nb8 24. Ne1 Nc6 25. Nd3 Bd6 26. f4 Ke7 27. Kf3 f5
28. h3 Kd7 29. Bc3 Kc7 30. g4 g6 31. e3 b5 32. g5 b4 33. Bd2 Kb6 34. Ke2 a5 35.
Kd1 Kb5 36. Kc2 Nd8 37. Nb2 Nf7 38. Nd3 Be7 39. Be1 Bd6 40. Bd2 Nd8 41. Be1 Nb7
42. Bd2 Bc7 43. Be1 Bd6 44. Nb2 Nd8 45. Nd3 Nc6 46. Nb2 Bf8 47. Nd3 a4 48. Nb2
axb3+ 49. axb3 Bd6 50. Nd3 Ka5 51. Bd2 Na7 52. Kb2 Nb5 53. Kc2 Na3+ 54. Kb2 Kb5
55. Kc1 Nc4 56. Kc2 Na3+ 1/2-1/2

[Event "Bad Woerishofen op"]
[Site "?"]
[Date "2009.03.06"]
[Round "2"]
[White "von Saldern, Ruediger"]
[Black "Kunz, Konstantin"]
[Result "0-1"]
[WhiteElo "2050"]
[BlackElo "2247"]
[PlyCount "70"]
[EventDate "2009.03.05"]

1. d4 e6 2. Nf3 f5 3. g3 Nf6 4. Bg5 Be7 5. Bg2 O-O 6. O-O c6 7. c4 d5 8. Nbd2
Nbd7 9. e3 h6 10. Bxf6 Bxf6 11. Rc1 Qe7 12. a3 g5 13. Qc2 g4 14. Ne1 Qh7 15.
Nd3 Rf7 16. b4 Nf8 17. b5 h5 18. bxc6 bxc6 19. Qa4 Bd7 20. Nc5 Be8 21. Qa6 h4
22. Rb1 hxg3 23. hxg3 Qh6 24. Rfd1 f4 25. gxf4 Ng6 26. Nxe6 Nh4 27. Ng5 Bxg5
28. fxg5 Qxg5 29. Rb7 Nf3+ 30. Kf1 Nxd2+ 31. Rxd2 Qxe3 32. Re2 Qd3 33. Rxf7
Bxf7 34. Qa4 Rb8 35. Bxd5 cxd5 0-1

[Event "Bad Woerishofen op"]
[Site "?"]
[Date "2009.03.06"]
[Round "2"]
[White "Lieb, Harald"]
[Black "Guggenberger, Guido"]
[Result "1-0"]
[WhiteElo "2247"]
[BlackElo "2060"]
[PlyCount "61"]
[EventDate "2009.03.05"]

1. Nf3 g6 2. c4 Bg7 3. Nc3 d6 4. d4 e5 5. e4 Nc6 6. d5 Nce7 7. Be2 h6 8. O-O f5
9. exf5 gxf5 10. Nh4 Nf6 11. Bh5+ Nxh5 12. Qxh5+ Kf8 13. f4 e4 14. Be3 Qe8 15.
Qd1 Ng6 16. Nxg6+ Qxg6 17. c5 Bd7 18. Qb3 b6 19. cxd6 cxd6 20. a4 Rg8 21. Rf2
Bf6 22. Nb5 Bxb5 23. axb5 Kg7 24. Rc1 Qf7 25. Rfc2 Rgd8 26. Rc7 Rd7 27. Rxd7
Qxd7 28. Rc6 Rc8 29. Qc4 Rxc6 30. bxc6 Qc7 31. Bd4 1-0

[Event "Bad Woerishofen op"]
[Site "?"]
[Date "2009.03.06"]
[Round "2"]
[White "Titz, Waldemar"]
[Black "Zoll, Detlef"]
[Result "0-1"]
[WhiteElo "1805"]
[BlackElo "1998"]
[PlyCount "62"]
[EventDate "2009.03.05"]

1. e4 e6 2. d4 d5 3. exd5 exd5 4. c4 c6 5. Nc3 Nf6 6. Nf3 Be7 7. Be2 O-O 8. O-O
h6 9. h3 Be6 10. b3 Nbd7 11. c5 b6 12. b4 a5 13. bxa5 bxc5 14. a6 c4 15. Qa4
Qb6 16. Rb1 Qxa6 17. Qxa6 Rxa6 18. Rb7 Rb8 19. Rxb8+ Nxb8 20. Bf4 Nbd7 21. Rb1
g5 22. Be5 Ra3 23. Bxf6 Bxf6 24. Rc1 c5 25. Nb5 Rxa2 26. Kf1 Rb2 27. Nc7 cxd4
28. Ne8 d3 29. Bd1 Be7 30. Nd4 Bc5 31. Nxe6 Rxf2+ 0-1

[Event "Bad Woerishofen op"]
[Site "?"]
[Date "2009.03.06"]
[Round "2"]
[White "Bretscher, Robert"]
[Black "Andersen, Jens Knud"]
[Result "0-1"]
[WhiteElo "1672"]
[BlackElo "2186"]
[PlyCount "48"]
[EventDate "2009.03.05"]

1. e4 e5 2. Nf3 Nc6 3. Bb5 Nf6 4. d3 d6 5. Nc3 Bd7 6. O-O g6 7. Bg5 h6 8. Bxf6
Qxf6 9. Nd5 Qd8 10. Nd2 Bg7 11. Bc4 Na5 12. Bb3 O-O 13. c3 Nxb3 14. axb3 f5 15.
f4 c6 16. Ne3 exf4 17. Rxf4 Qg5 18. g3 Be5 19. Nf3 Bxf4 20. Nxg5 Bxe3+ 21. Kg2
hxg5 22. Qe2 f4 23. Rf1 Rf7 24. d4 f3+ 0-1

[Event "Bad Woerishofen op"]
[Site "?"]
[Date "2009.03.06"]
[Round "2"]
[White "Skembris, Spyridon"]
[Black "Bischoff, Dieter"]
[Result "0-1"]
[WhiteElo "2413"]
[BlackElo "2142"]
[PlyCount "112"]
[EventDate "2009.03.05"]

1. d4 Nf6 2. Bg5 Ne4 3. Bf4 c5 4. f3 Qa5+ 5. c3 Nf6 6. d5 d6 7. e4 Nbd7 8. Nd2
Qc7 9. a4 b6 10. Nh3 g6 11. Nf2 Bg7 12. Nc4 O-O 13. Qd2 Rd8 14. Be2 a6 15. O-O
Nh5 16. Bg5 Ne5 17. f4 Nxc4 18. Bxc4 Nf6 19. Qe2 Qb7 20. Rfd1 Rb8 21. e5 dxe5
22. fxe5 Nxd5 23. Rd2 b5 24. axb5 axb5 25. Bxb5 Qxb5 26. Qxb5 Rxb5 27. Ra8 c4
28. Bxe7 Re8 29. Bd6 Bd7 30. Rxe8+ Bxe8 31. Ne4 Bc6 32. g3 Ra5 33. Kf2 Ra8 34.
Rd4 Nb6 35. Bc7 Bxe4 36. Rxe4 Nd5 37. Bd6 Rc8 38. Kf3 Nb6 39. Re2 Nd7 40. e6
fxe6 41. Rxe6 Bf8 42. Bxf8 Kxf8 43. Re4 Kf7 44. h4 h5 45. Kf4 Rc5 46. Rd4 Ke6
47. g4 hxg4 48. Kxg4 Ne5+ 49. Kg3 Rb5 50. Rd2 Nd3 51. Re2+ Kf5 52. Re8 Rxb2 53.
Rf8+ Ke4 54. h5 gxh5 55. Rh8 Rc2 56. Rxh5 Rxc3 0-1

[Event "Bad Woerishofen sen"]
[Site "?"]
[Date "2009.03.06"]
[Round "2"]
[White "Weinwurm, Wolfgang Dr"]
[Black "Schulte-Braeucker, H."]
[Result "1-0"]
[WhiteElo "2167"]
[BlackElo "2079"]
[PlyCount "61"]
[EventDate "2009.03.05"]

1. e4 d6 2. d4 Nf6 3. Nc3 g6 4. Be3 c6 5. Qd2 b5 6. f3 Nbd7 7. g4 Nb6 8. h4 h5
9. g5 Nfd7 10. d5 cxd5 11. Bd4 e5 12. Bxb6 axb6 13. Nxd5 Ba6 14. Bh3 Be7 15.
Bxd7+ Kxd7 16. O-O-O Bb7 17. Kb1 Ra4 18. Ne2 Rc4 19. Qe3 Bxd5 20. Rxd5 Rc5 21.
Rhd1 Qc7 22. Nc3 Rc8 23. Qd3 b4 24. Rxc5 bxc5 25. Nd5 Qc6 26. f4 Ke8 27. Qf3
Ra8 28. Rf1 Ra7 29. fxe5 dxe5 30. Qxf7+ Kd8 31. Qg8+ 1-0

[Event "Bad Woerishofen sen"]
[Site "?"]
[Date "2009.03.06"]
[Round "2"]
[White "Spurga, Josef"]
[Black "Szenetra, Werner"]
[Result "0-1"]
[WhiteElo "1996"]
[BlackElo "2246"]
[PlyCount "82"]
[EventDate "2009.03.05"]

1. e4 g6 2. d4 Bg7 3. f4 d6 4. Nf3 e6 5. Nc3 Nd7 6. Be3 Ne7 7. Qd2 a6 8. Bd3 b5
9. a3 Bb7 10. O-O c5 11. Rfe1 c4 12. Bf1 Nf6 13. Bf2 Ng4 14. Bh4 Qb6 15. h3 Nf6
16. Bf2 d5 17. exd5 Nexd5 18. Nxd5 Bxd5 19. Qe3 O-O 20. c3 Ne4 21. Bh4 f6 22.
Re2 Bh6 23. Nd2 Nd6 24. g4 e5 25. Bg3 Rae8 26. dxe5 Qxe3+ 27. Rxe3 fxe5 28.
Rxe5 Rxe5 29. fxe5 Nb7 30. Rd1 Nc5 31. Bg2 Bxg2 32. Kxg2 Rd8 33. Ne4 Rxd1 34.
Nxc5 a5 35. Kf3 Rd5 36. Ne4 Rd3+ 37. Kg2 Bf8 38. Bf2 Be7 39. Bd4 Kf7 40. Nf2
Rd2 41. Kf3 Rxb2 0-1

[Event "Bad Woerishofen sen"]
[Site "?"]
[Date "2009.03.06"]
[Round "2"]
[White "Xander, Karl Dr"]
[Black "Lange, Manfred Dr"]
[Result "0-1"]
[WhiteElo "2002"]
[BlackElo "2086"]
[PlyCount "70"]
[EventDate "2009.03.05"]

1. Nf3 Nf6 2. b3 d5 3. Bb2 Bf5 4. Nh4 Bd7 5. g3 c5 6. Bg2 Bc6 7. O-O Nbd7 8. d4
e6 9. Nd2 Rc8 10. c4 dxc4 11. Nxc4 Bxg2 12. Kxg2 Qc7 13. Rc1 b5 14. Ne3 Qb7+
15. Kg1 Be7 16. d5 Nxd5 17. Nxd5 Bxh4 18. Nf4 Bf6 19. Bxf6 Nxf6 20. Qd6 Qb6 21.
Qe5 O-O 22. Rfd1 c4 23. h3 Rc6 24. g4 h6 25. e3 Rfc8 26. Ne2 Rc5 27. Qa1 h5 28.
Rd4 e5 29. Rdd1 hxg4 30. b4 gxh3 31. bxc5 Qc6 32. Kf1 Qg2+ 33. Ke1 Ne4 34. Rd7
h2 35. Kd1 Qxf2 0-1

[Event "Bad Woerishofen sen"]
[Site "?"]
[Date "2009.03.06"]
[Round "2"]
[White "Braeu, Ludwig"]
[Black "Goy, Udo"]
[Result "0-1"]
[WhiteElo "1988"]
[BlackElo "2203"]
[PlyCount "76"]
[EventDate "2009.03.05"]

1. c4 c6 2. Nf3 g6 3. g3 Bg7 4. Bg2 Nf6 5. O-O O-O 6. Qc2 d5 7. b3 dxc4 8. bxc4
Qa5 9. Bb2 Nbd7 10. d3 Qh5 11. Nbd2 Re8 12. Rfc1 Nc5 13. Bd4 Ne6 14. Bc3 Rd8
15. Rab1 Rb8 16. a4 c5 17. Be5 Ra8 18. Nb3 Bd7 19. Nbd2 Bc6 20. a5 Rac8 21. Qb2
h6 22. Bc3 Nd4 23. Bxd4 cxd4 24. Nb3 e5 25. a6 bxa6 26. Qa3 Ba8 27. Qxa6 e4 28.
Nfxd4 exd3 29. exd3 Ng4 30. h3 Nxf2 31. Kxf2 Bxd4+ 32. Nxd4 Qc5 33. Bxa8 Qxd4+
34. Kg2 Rxa8 35. Rf1 Qxd3 36. Rxf7 Qe4+ 37. Kg1 Qxb1+ 38. Rf1 Qe4 0-1

[Event "Bad Woerishofen sen"]
[Site "?"]
[Date "2009.03.06"]
[Round "2"]
[White "Ziltener, Werner"]
[Black "Reinke, Kurt"]
[Result "1-0"]
[WhiteElo "2103"]
[BlackElo "1956"]
[PlyCount "85"]
[EventDate "2009.03.05"]

1. Nf3 Nf6 2. d4 d5 3. c4 c6 4. e3 e6 5. Nc3 Nbd7 6. Bd3 Bd6 7. O-O O-O 8. b3
Re8 9. Bb2 e5 10. dxe5 Nxe5 11. cxd5 Nxd3 12. Qxd3 Bg4 13. e4 cxd5 14. exd5 Qd7
15. Rfe1 Bh5 16. Rac1 Rac8 17. a4 a6 18. Ne4 Nxe4 19. Rxc8 Qxc8 20. Rxe4 Rxe4
21. Qxe4 Bg6 22. Qe2 Bh5 23. Qe3 Qb8 24. g4 Bg6 25. Qd4 f6 26. g5 Be5 27. Nxe5
fxe5 28. Qxe5 Qxe5 29. Bxe5 Bc2 30. d6 Kf7 31. Bxg7 Bxb3 32. a5 Ba4 33. Be5 Bd7
34. f4 Kg6 35. Kf2 Kf5 36. Ke3 Kg4 37. Kd4 Kf5 38. Kc5 Ke6 39. Kb6 Bc6 40. Kc7
Bb5 41. h4 Bc6 42. h5 Be8 43. g6 1-0

[Event "Bad Woerishofen sen"]
[Site "?"]
[Date "2009.03.06"]
[Round "2"]
[White "de Polzer, Manfred"]
[Black "Hoennekes, Klaus"]
[Result "0-1"]
[WhiteElo "1777"]
[BlackElo "2138"]
[PlyCount "110"]
[EventDate "2009.03.05"]

1. e4 g6 2. d4 Bg7 3. Bc4 d6 4. Ne2 Nc6 5. a3 Nf6 6. Nbc3 O-O 7. f3 e5 8. d5
Ne7 9. Be3 Ne8 10. g4 c6 11. Ng3 cxd5 12. Nxd5 Be6 13. h4 Bxd5 14. Bxd5 Nxd5
15. Qxd5 Nc7 16. Qb3 Ne6 17. O-O-O Qc7 18. Rh2 Rfc8 19. Rhd2 Bf8 20. h5 Qc4 21.
Qxc4 Rxc4 22. b3 Rc6 23. hxg6 hxg6 24. Kb2 b5 25. Ne2 a6 26. Nc3 Nc7 27. Rh1
Re8 28. Bh6 Bxh6 29. Rxh6 Kg7 30. Rdh2 Kf6 31. Rh7 Rc5 32. g5+ Ke6 33. Rd2 Re7
34. b4 Rc4 35. Kb3 Rd7 36. Nd5 Nxd5 37. exd5+ Kf5 38. Rg2 Rdc7 39. Rh3 Rd4 40.
Rhg3 Rxd5 41. Rg4 Rd1 42. Kb2 Rf1 43. R4g3 d5 44. c3 Rc4 45. Rd2 Ke6 46. Rd3
Rf2+ 47. Kb3 Rh4 48. Rg1 Rhh2 49. Rb1 Rh3 50. Rbd1 Rhh2 51. Rb1 Rd2 52. Rxd2
Rxd2 53. Rb2 Rxb2+ 54. Kxb2 Kf5 55. a4 Kxg5 0-1

[Event "Bad Woerishofen sen"]
[Site "?"]
[Date "2009.03.06"]
[Round "2"]
[White "Dombrowe, Eckehard"]
[Black "Ganslmayer, Herbert"]
[Result "1-0"]
[WhiteElo "1844"]
[BlackElo "2016"]
[PlyCount "59"]
[EventDate "2009.03.05"]

1. f4 Nf6 2. Nf3 g6 3. e3 Bg7 4. Nc3 c6 5. b3 O-O 6. Bb2 d6 7. Bd3 Qc7 8. O-O
b5 9. Ne4 Nbd7 10. Ng3 e5 11. fxe5 dxe5 12. Ne4 Nxe4 13. Bxe4 f5 14. Ng5 Nc5
15. Bd3 Nxd3 16. cxd3 h6 17. Nf3 Bb7 18. Rc1 c5 19. d4 Bxf3 20. Qxf3 exd4 21.
Bxd4 Bxd4 22. exd4 Qd6 23. dxc5 Qd4+ 24. Qf2 Qd5 25. Rfe1 Rfd8 26. Re2 Rac8 27.
Rce1 Kf8 28. d4 Qxd4 29. Re8+ Kf7 30. Qxd4 1-0

[Event "Bad Woerishofen op"]
[Site "?"]
[Date "2009.03.07"]
[Round "3"]
[White "De Santis, Alessio"]
[Black "Edouard, Romain"]
[Result "1/2-1/2"]
[WhiteElo "2278"]
[BlackElo "2562"]
[PlyCount "66"]
[EventDate "2009.03.05"]

1. d4 Nf6 2. c4 c5 3. d5 e6 4. Nc3 exd5 5. cxd5 d6 6. e4 g6 7. Bd3 Bg7 8. Nge2
O-O 9. O-O Ng4 10. h3 Ne5 11. Bc2 Na6 12. f4 Nc4 13. a3 b5 14. Bd3 Qa5 15. Ra2
Bd7 16. g4 Rfe8 17. Rf3 Qb6 18. Bxc4 bxc4 19. f5 Qb3 20. f6 Bf8 21. Ng3 Qxd1+
22. Nxd1 Ba4 23. Nc3 Bc2 24. Rf2 Bd3 25. h4 h6 26. Bf4 Rab8 27. Ra1 Rb3 28. Re1
Nb8 29. g5 h5 30. e5 dxe5 31. Rxe5 Rc8 32. Nge4 Rb7 33. d6 Bxe4 1/2-1/2

[Event "Bad Woerishofen op"]
[Site "?"]
[Date "2009.03.07"]
[Round "3"]
[White "Iotov, Valentin"]
[Black "Rahls, Peter"]
[Result "1/2-1/2"]
[WhiteElo "2556"]
[BlackElo "2263"]
[PlyCount "96"]
[EventDate "2009.03.05"]

1. d4 d5 2. Nf3 c6 3. c4 Nf6 4. e3 a6 5. Nc3 b5 6. c5 Nbd7 7. Bd2 e5 8. dxe5
Ng4 9. e6 fxe6 10. Nd4 Nxf2 11. Kxf2 e5 12. Nxc6 Qf6+ 13. Qf3 Qxc6 14. Qxd5 Bb7
15. Qxc6 Bxc6 16. b4 Be7 17. a4 O-O+ 18. Kg3 bxa4 19. Bc4+ Kh8 20. Bd5 Rac8 21.
h3 e4 22. Rhf1 Bf6 23. Bxc6 Rxc6 24. Kh2 a3 25. Kg1 a5 26. bxa5 Nxc5 27. Rxa3
Rd8 28. Be1 Bg5 29. Kh2 h6 30. h4 Be7 31. Bg3 Rd3 32. Rf7 Bf6 33. Nb5 Na6 34.
Ra7 Rxa3 35. Nxa3 Nb4 36. Nb5 Kh7 37. Rb7 Nd5 38. Nc7 Nxe3 39. Rb1 Bd8 40. Nb5
Bxa5 41. Nd4 Rf6 42. Kh3 Rf1 43. Rxf1 Nxf1 44. Bf4 Bb6 45. Nc2 Ba5 46. Kg4 Kg6
47. Be5 Bd2 48. h5+ Kf7 1/2-1/2

[Event "Bad Woerishofen op"]
[Site "?"]
[Date "2009.03.07"]
[Round "3"]
[White "Hug, Marcel"]
[Black "Teske, Henrik"]
[Result "0-1"]
[WhiteElo "2257"]
[BlackElo "2515"]
[PlyCount "50"]
[EventDate "2009.03.05"]

1. e4 c5 2. c4 Nc6 3. Nc3 g6 4. g3 a6 5. Bg2 b5 6. d3 Bg7 7. Nf3 d6 8. O-O Rb8
9. cxb5 axb5 10. Ng5 b4 11. Ne2 Qb6 12. Kh1 h6 13. Nh3 h5 14. f4 h4 15. f5 gxf5
16. exf5 hxg3 17. Nxg3 Be5 18. Nf4 Nf6 19. Ne4 Nd4 20. Nxf6+ exf6 21. Nd5 Rxh2+
22. Kg1 Rxg2+ 23. Kxg2 Qc6 24. Qg4 Qxd5+ 25. Kh3 Bxf5 0-1

[Event "Bad Woerishofen op"]
[Site "?"]
[Date "2009.03.07"]
[Round "3"]
[White "Kunz, Konstantin"]
[Black "Schneider, Ilja"]
[Result "0-1"]
[WhiteElo "2247"]
[BlackElo "2496"]
[PlyCount "62"]
[EventDate "2009.03.05"]

1. d4 Nf6 2. Nf3 e6 3. e3 c5 4. c4 a6 5. Nc3 d5 6. a3 Nc6 7. Bd3 dxc4 8. Bxc4
b5 9. Bd3 Bb7 10. O-O Qc7 11. Ne4 Rd8 12. a4 Nxe4 13. Bxe4 Nxd4 14. Bxb7 Nf5
15. Bxa6 Rxd1 16. Rxd1 Nd6 17. Bxb5+ Nxb5 18. axb5 Qb8 19. b4 cxb4 20. Nd4 f6
21. Nxe6 Kf7 22. Nd8+ Kg6 23. Rd5 Bc5 24. Ne6 Re8 25. Nxc5 Re5 26. Rd4 Rxc5 27.
Rxb4 Qa8 28. Rab1 Qa5 29. g3 Rxc1+ 30. Kg2 Qa8+ 31. e4 Rxb1 0-1

[Event "Bad Woerishofen op"]
[Site "?"]
[Date "2009.03.07"]
[Round "3"]
[White "Gutman, Lev"]
[Black "Lieb, Harald"]
[Result "0-1"]
[WhiteElo "2493"]
[BlackElo "2247"]
[PlyCount "51"]
[EventDate "2009.03.05"]

1. Nf3 Nf6 2. g3 d5 3. Bg2 c6 4. O-O Bf5 5. d3 Nbd7 6. c4 dxc4 7. dxc4 e6 8.
Nc3 Be7 9. Bf4 Nc5 10. Nh4 Bg4 11. b4 Ncd7 12. b5 e5 13. Be3 Qc7 14. bxc6 bxc6
15. Nb5 cxb5 16. Bxa8 O-O 17. Bf3 bxc4 18. Bxg4 Nxg4 19. Nf5 Ba3 20. Qa4 Bb2
21. Rad1 Nb6 22. Bxb6 axb6 23. Qb4 Bd4 24. e3 Qc5 25. Qd2 c3 26. Qe2 0-1

[Event "Bad Woerishofen op"]
[Site "?"]
[Date "2009.03.07"]
[Round "3"]
[White "Hess, Christian Mathi"]
[Black "Farago, Ivan"]
[Result "1/2-1/2"]
[WhiteElo "2222"]
[BlackElo "2482"]
[PlyCount "56"]
[EventDate "2009.03.05"]

1. Nf3 Nf6 2. c4 e6 3. g3 d5 4. Bg2 Be7 5. O-O O-O 6. d4 dxc4 7. Na3 Bxa3 8.
bxa3 b5 9. a4 a6 10. Ne5 Nd5 11. Ba3 Re8 12. e4 Nf6 13. Nxf7 Kxf7 14. e5 c6 15.
exf6 Qxf6 16. Re1 Bb7 17. Qh5+ Qg6 18. Qe5 Kg8 19. Bh3 Bc8 20. Rad1 Nd7 21. Qc7
Nf6 22. Qxc6 Bd7 23. Bxe6+ Bxe6 24. Rxe6 Rec8 25. Qb7 Rcb8 26. Qc6 Rc8 27. Qb7
Rcb8 28. Qc6 Rc8 1/2-1/2

[Event "Bad Woerishofen op"]
[Site "?"]
[Date "2009.03.07"]
[Round "3"]
[White "Mainka, Romuald"]
[Black "Gerstner, Bernhard"]
[Result "1-0"]
[WhiteElo "2478"]
[BlackElo "2217"]
[PlyCount "59"]
[EventDate "2009.03.05"]

1. e4 e5 2. Nf3 Nc6 3. Bb5 a6 4. Ba4 Nf6 5. O-O Be7 6. d3 b5 7. Bb3 O-O 8. c3
d6 9. Nbd2 Na5 10. Bc2 c5 11. Re1 Nc6 12. Nf1 Qc7 13. h3 d5 14. Bg5 d4 15. cxd4
cxd4 16. Bb3 Be6 17. Ng3 Qd7 18. Rc1 Rac8 19. Bxe6 Qxe6 20. Nf5 Rfe8 21. Re2 h6
22. Bh4 Nh5 23. Rec2 Bxh4 24. N3xh4 Nf4 25. g3 Ng6 26. Qg4 Kh7 27. a3 Na7 28.
Rc7 Rxc7 29. Rxc7 Nc8 30. Nxg6 1-0

[Event "Bad Woerishofen op"]
[Site "?"]
[Date "2009.03.07"]
[Round "3"]
[White "Pirrot, Dieter"]
[Black "Andersen, Jens Knud"]
[Result "1-0"]
[WhiteElo "2441"]
[BlackElo "2186"]
[PlyCount "48"]
[EventDate "2009.03.05"]

1. e4 e5 2. Nf3 Nc6 3. Bc4 d6 4. d4 Bg4 5. c3 Nf6 6. Qb3 Qd7 7. Bxf7+ Qxf7 8.
Qxb7 Kd7 9. d5 Nxd5 10. exd5 Qxd5 11. Qxa8 Qd3 12. Be3 g6 13. Qb7 e4 14. Nbd2
Bh6 15. Qb3 exf3 16. gxf3 Re8 17. O-O-O Be6 18. Qa4 Bxe3 19. fxe3 Qxe3 20. Rhe1
Qg5 21. h4 Qa5 22. Qxa5 Nxa5 23. b3 Nc6 24. Ne4 Bf5 1-0

[Event "Bad Woerishofen op"]
[Site "?"]
[Date "2009.03.07"]
[Round "3"]
[White "Anistratov, Dimitrij"]
[Black "Herbold, Manfred"]
[Result "1-0"]
[WhiteElo "2384"]
[BlackElo "2151"]
[PlyCount "69"]
[EventDate "2009.03.05"]

1. Nf3 Nc6 2. d4 d5 3. g3 Bg4 4. Bg2 Nf6 5. Ne5 Bd7 6. O-O e6 7. c4 Bd6 8. f4
Ne7 9. Nxd7 Nxd7 10. c5 Nxc5 11. dxc5 Bxc5+ 12. Kh1 h5 13. Nc3 f5 14. Qd3 c6
15. Na4 Bd6 16. Qe3 Kf7 17. Nc5 Qc8 18. b4 a5 19. bxa5 Rxa5 20. Nd3 h4 21. Bb2
Rh7 22. Be5 Ba3 23. Bc3 Ra4 24. Ne5+ Kg8 25. gxh4 c5 26. Be1 b5 27. Rb1 Qa6 28.
Bf3 Re4 29. Bxe4 fxe4 30. Qg3 c4 31. Rg1 Bc5 32. Bf2 d4 33. Nd7 Nf5 34. Qg6 Bf8
35. Nf6+ 1-0

[Event "Bad Woerishofen op"]
[Site "?"]
[Date "2009.03.07"]
[Round "3"]
[White "Bronznik, Valerij"]
[Black "Pluemer, Detlef"]
[Result "1-0"]
[WhiteElo "2340"]
[BlackElo "2166"]
[PlyCount "29"]
[EventDate "2009.03.05"]

1. d4 d5 2. c4 c6 3. cxd5 cxd5 4. Bf4 Nc6 5. e3 Nf6 6. Bd3 a6 7. Nc3 Bg4 8.
Nge2 e6 9. O-O Bh5 10. Qb3 Na5 11. Qa4+ Nd7 12. Rfc1 Nc6 13. Qb3 Qb6 14. Qd1 f5
15. Bxf5 1-0

[Event "Bad Woerishofen op"]
[Site "?"]
[Date "2009.03.07"]
[Round "3"]
[White "Trabert, Bettina"]
[Black "Berchtenbreiter, Max"]
[Result "1/2-1/2"]
[WhiteElo "2306"]
[BlackElo "2142"]
[PlyCount "41"]
[EventDate "2009.03.05"]

1. e4 c5 2. Nf3 Nf6 3. e5 Nd5 4. c3 e6 5. d4 d6 6. c4 Nb4 7. a3 N4c6 8. exd6
Qxd6 9. Nc3 Nxd4 10. Nxd4 Qxd4 11. Qxd4 cxd4 12. Nb5 Na6 13. Nxd4 Bd7 14. Be3
Nc7 15. f4 Bd6 16. Be2 e5 17. fxe5 Bxe5 18. Bf3 O-O-O 19. O-O Rhe8 20. Nc2 Be6
21. Bxa7 1/2-1/2